tripleS Discography - Statistics

General Stats
  • This quiz has been taken 21 times
  • The average score is 22 of 32
Answer Stats
Answer % Correct
Girls Never Die
100%
Rising
100%
Colorful
94%
Are You Alive?
88%
Love Child
88%
24
81%
Beam
81%
Detective Soseol
81%
Firework Diary
81%
Love2Love
81%
Persona
81%
@% (Alpha Percent)
75%
Chiyu
75%
Diablo
75%
Midnight Flower
75%
Beyond the Beyond
69%
Chowall
69%
Friend Zone
69%
New Look
69%
The Baddest
69%
Heart Raider
63%
Non Scale
63%
Before the Rise
56%
Dimension
56%
S
56%
White Soul Sneakers
56%
Too Hot
50%
Polaroid
44%
###
31%
Dreaming (Shooting Star)
31%
PinkPower
31%
PainDrop
25%
No matching quizzes found
Score Distribution
Percent of People with Each Score
Percentile by Number Answered
Your Score History
You have not taken this quiz